00444nam a2200169Ia 4500003000400000005001700004008004100021020000600062040000700068041000800075082001600083100003400099245005700133260005100190300002000241365001300261OSt20230626132432.0210423s9999 xx 000 0 und d a- cAL aeng a663.13 CHAS aCHAND (Subash);JAIN (S C),Ed. aFermentation biotechnology: industrial perspectives. aNew DelhibAll India Biotech Associationc2003 aiii,352,viibPB b895cINR